| 000 | 01711cam a2200253 4500 | ||
|---|---|---|---|
| 001 | X109525 | ||
| 008 | 000000n2000 000 0 eng u | ||
| 035 | _a(Sirsi) u109525 | ||
| 100 | _aBessey, J | ||
| 245 | _aLast chances | ||
| 260 | _c2000 | ||
| 490 |
_aBuilding _v265(8162) 17 November 2000, 63(1) |
||
| 520 | _aLooks at provisions in standard forms of contracts which make matters such as design, compliance with law, and extensions of time final once a final certificate has been issued. Complications can arise as the Housing Grants, Construction and Regeneration Act 1996 s108 entitles a party to adjudicate 'at any time'. The JCT 1998 contracts have tried to resolve this by giving parties an extra 28-day period from the date of the adjudicator's award to take further proceedings, as found in JCT WCD 1998 cl30.8. Concludes that the CA decision in "Crown Estate Commissioners v John Mowlem and Co Ltd" has helped to clarify the situation; the right to adjudicate at any time can be made insubstantial in contracts where clauses make specific determinations final. | ||
| 650 | _aBUILT ENVIRONMENT-BUILDING CONTRACT FORMS-STANDARD FORMS OF BUILDING CONTRACT-JOINT CONTRACTS TRIBNUAL CONTRACTS | ||
| 650 | _aJCT WCD 1998 CL30.8 | ||
| 650 | _aEXTENSIONS OF TIME | ||
| 650 | _aMANAGEMENT-DISPUTE AVOIDANCE, MANAGEMENT AND RESOLUTION-DISPUTE MANAGEMENT AND RESOLUTION-ARBITRATION | ||
| 650 | _aHOUSING GRANTS, CONSTRUCTION AND REGENERATION ACT 1996 S108 | ||
| 650 | _aFINAL CERTIFICATES | ||
| 650 | _aCROWN ESTATE COMMISSIONERS V JOHN MOWLEM AND CO LTD | ||
| 650 | _aBARKING AND DAGENHAM LBC V TERRAPIN CONSTRUCTION | ||
| 690 | _aBUILT ENVIRONMENT-BUILDING CONTRACT FORMS | ||
| 942 | _n0 | ||
| 999 |
_c65388 _d65388 |
||